000 01195nam a2200241Ia 4500
999 _c56054
_d56054
001 23154
003 GE_BSU
005 20230713175530.0
008 181216s1984||||ge |||||||||||||| ||geo||
040 _cGE_BSU
041 _ageo
080 _a821.112.2-4 ბ-22
100 _aჰაინე, ჰაინრიხ
_916060
245 _aმოგზაურობის სურათები :
_bიტალია /
_cჰაინრიხ ჰაინე ; გერმ. თარგმნეს და კომენტარები დაურთეს გ. და კ. ჯორჯანელებმა ; რედ. თ. მგელაძე.
264 _aთბილისი :
_bსაბჭ. საქართველო,
_c1984.
300 _a277გვ. ;
_c21სმ..
541 _h2ლ. 20თ.
653 _aმოგზაურობის სურათები : იტალია
700 _aჯორჯანელი, გ.
_eმთარგმნელი
_919091
700 _aჯორჯანელი, კ.
_eმთარგმნელი
_916001
700 _aმგელაძე, თ.
_eრედაქტორი
_93881
942 _cBK
_2udc